000 00585cam a22002053a 4500
001 45518
003 PGUSA
005 20140828084043.0
008 140428s2014||||xxu|||||s|||||000 | eng d
040 _aPGUSA
_beng
042 _adc
100 1 _aBlanchard, Amy Ella,
_d1856-1926
245 1 4 _aThe Four Corners in Japan
_h[electronic resource] /
_cAmy Ella Blanchard
260 _bProject Gutenberg,
_c2014
506 _aPublic domain in the USA.
516 _aElectronic text
830 0 _aProject Gutenberg
_v45518
856 4 0 _uhttp://www.gutenberg.org/ebooks/45518
942 _cEB
999 _c274769
_d274769